Utilisation of fabric process in short fibre reinforced rubber products (Record no. 72010)

MARC details
000 -LEADER
fixed length control field 00542nam a2200145Ia 4500
100 ## - MAIN ENTRY--AUTHOR NAME
Personal name Premlakshmi N
245 #0 - TITLE STATEMENT
Title Utilisation of fabric process in short fibre reinforced rubber products
260 ## - PUBLICATION, DISTRIBUTION, ETC. (IMPRINT)
Name of publisher Proceedings of the National Conference and Exposition on Rubber and Allied Materials. India Rub Tech Expo 2004. 13-14 February, 2004, Mysore.pp.79-84.
650 ## - SUBJECT ADDED ENTRY--TOPICAL TERM
Topical Term Fabric scrap
650 ## - SUBJECT ADDED ENTRY--TOPICAL TERM
Topical Term Fibre reinforced rubber
700 ## - ADDED ENTRY--PERSONAL NAME
Personal name Karunakaran E
700 ## - ADDED ENTRY--PERSONAL NAME
Personal name Subrahmanian V
942 ## - ADDED ENTRY ELEMENTS (KOHA)
Koha item type Journals
Holdings
Withdrawn status Lost status Damaged status Not for loan Home library Current library Shelving location Date acquired Koha item type
      Journals RRII Library RRII Library Rubber chemistry 17/12/2021 Journals